[Event "Championnat de France - Accession"]
[Site "Aix-les-Bains"]
[Date "????.??.??"]
[Round "4.4"]
[White "Chomet, Pascal"]
[Black "Jolly, Jean-Francois"]
[Result "0-1"]
[WhiteElo "2353"]
[BlackElo "2315"]
[PlyCount "150"]

1. e4 c5 2. Nc3 a6 3. g3 b5 4. Bg2 Bb7 5. Nge2 b4 6. Nd5 e6 7. Ne3 Nf6 8. d3 d5
9. exd5 Nxd5 10. Nxd5 Bxd5 11. Bxd5 Qxd5 12. O-O Nc6 13. Nf4 Qd8 14. a3 Be7 15.
axb4 cxb4 16. d4 Qxd4 17. Qf3 Qc4 18. b3 Qb5 19. Bb2 O-O 20. Rfe1 Rfd8 21. Re4
Qf5 22. Ree1 Rac8 23. Rxa6 Qxc2 24. Re2 Qd1+ 25. Kg2 Nd4 26. Bxd4 Qxd4 27. Re3
Qd1 28. Qxd1 Rxd1 29. Re4 Rb1 30. Ra7 Bf8 31. Nh5 Rxb3 32. Rg4 Rbc3 33. Nf6+
Kh8 34. Nd7 Bd6 35. Rd4 R3c6 36. Rb7 h6 37. Nb6 R8c7 38. Rb8+ Kh7 39. Nc4 Bc5
40. Rdd8 f6 41. Nd2 Be7 42. Re8 Kg6 43. h4 Rd6 44. Nf3 Kf7 45. Rh8 Rd5 46. Rb6
e5 47. Nh2 Rd2 48. Ng4 Bc5 49. Rb5 Kg6 50. h5+ Kxh5 51. Kh3 Kg6 52. f4 e4 53.
Kh4 Rd5 54. Kh3 e3 55. Nxe3 Rh5+ 56. Kg4 f5+ 57. Kf3 Bxe3 58. Kxe3 Rh3 59. Rf8
Rxg3+ 60. Kd4 b3 61. Rb6+ Kh7 62. Rxf5 Rf3 63. Ke4 Rfc3 64. Rfb5 R7c4+ 65. Kf5
Rf3 66. Rxb3 Rcxf4+ 67. Ke5 Rxb3 68. Rxb3 Rf6 69. Rb1 h5 70. Rg1 Kh6 71. Ke4 h4
72. Rg4 g5 73. Ke5 Rf2 74. Ra4 Kh5 75. Ra8 h3 0-1

[Event "Championnat de France - Accession"]
[Site "Aix-les-Bains"]
[Date "2007.??.??"]
[Round "4.5"]
[White "Vitoux, Colomban"]
[Black "Therkildsen, Thomas"]
[Result "1-0"]
[WhiteElo "2343"]
[BlackElo "2310"]
[PlyCount "99"]
[EventDate "2007.??.??"]

1. e4 Nf6 2. e5 Nd5 3. c4 Nb6 4. d4 d6 5. exd6 exd6 6. Nc3 Be7 7. Bd3 Nc6 8.
Nge2 O-O 9. O-O Re8 10. b3 Bf6 11. Ne4 Bf5 12. Nxf6+ Qxf6 13. Bxf5 Qxf5 14. d5
Ne5 15. Nd4 Qd3 16. Nb5 Qxd1 17. Rxd1 Re7 18. Bg5 Rd7 19. Be3 Nc8 20. Bd4 a6
21. Nc3 Ng6 22. Ne4 b6 23. Ng3 Nce7 24. Nh5 Nf5 25. Bc3 f6 26. Bxf6 gxf6 27.
Nxf6+ Kf7 28. Nxd7 Ke7 29. Nxb6 cxb6 30. g3 Rg8 31. Re1+ Kd7 32. Re4 Ne5 33.
Kg2 Nd3 34. Rd1 Nc5 35. Rf4 Nh6 36. b4 Na4 37. Re1 Rg7 38. Rf8 Re7 39. Rxe7+
Kxe7 40. Rh8 Nf7 41. Rxh7 Nc3 42. f4 Nxa2 43. c5 Nxb4 44. cxb6 a5 45. g4 Kf6
46. b7 Na6 47. g5+ Kg6 48. Rh3 Nd8 49. b8=Q Nxb8 50. Rh8 1-0

[Event "Championnat de France - Accession"]
[Site "Aix-les-Bains"]
[Date "2007.??.??"]
[Round "4.6"]
[White "Terrieux, Kevin"]
[Black "Giua, Frederic"]
[Result "1-0"]
[WhiteElo "2331"]
[BlackElo "2204"]
[PlyCount "35"]
[EventDate "2007.??.??"]

1. e4 e6 2. d4 d5 3. Nd2 dxe4 4. Nxe4 Nf6 5. Nxf6+ gxf6 6. Be3 b6 7. Qf3 c6 8.
Ne2 Bb4+ 9. c3 Bd6 10. Bf4 e5 11. Be3 Qe7 12. dxe5 fxe5 13. Ng3 Qe6 14. Bd3 Bb7
15. Bf5 Qc4 16. Ne4 Be7 17. b3 Qa6 18. Qg4 1-0

[Event "Championnat de France - Accession"]
[Site "Aix-les-Bains"]
[Date "????.??.??"]
[Round "4.7"]
[White "Lerch, Patrice"]
[Black "Riff, Jean-Noel"]
[Result "1/2-1/2"]
[WhiteElo "2301"]
[BlackElo "2460"]
[PlyCount "130"]

1. e4 c5 2. Nc3 a6 3. g3 b5 4. Bg2 Bb7 5. d3 e6 6. Nf3 d6 7. O-O Be7 8. e5 dxe5
9. Nxe5 Bxg2 10. Kxg2 Nd7 11. Bf4 Nxe5 12. Bxe5 Nf6 13. Qf3 O-O 14. Rad1 Nd7
15. d4 cxd4 16. Bxd4 Qc7 17. Rd2 b4 18. Na4 Bg5 19. Re2 e5 20. Be3 Bxe3 21.
fxe3 Nf6 22. Rd2 Rad8 23. Rfd1 h6 24. b3 Rxd2+ 25. Rxd2 Rd8 26. Rf2 e4 27. Qf4
Qa5 28. h3 Qd5 29. Nb2 Qe6 30. Nc4 Nd5 31. Qf5 Qe7 32. Qh5 Nc3 33. Qa5 Rd5 34.
Qxa6 h5 35. Rf5 Qd8 36. Rxd5 Qxd5 37. Qd6 Qf5 38. Qf4 Qxf4 39. exf4 Nxa2 40.
Nd6 Nc3 41. Kf2 h4 42. gxh4 g6 43. h5 Kg7 44. h6+ Kxh6 45. Nxf7+ Kg7 46. Nd6
Nd5 47. Nxe4 Nxf4 48. Nc5 Nxh3+ 49. Kf3 Ng5+ 50. Kf4 Kf6 51. Nd3 Ne6+ 52. Ke4
Ng5+ 53. Kd4 Ne6+ 54. Kc4 g5 55. Kxb4 g4 56. Nf2 Kf5 57. Nxg4 Kxg4 58. Kc4 Kf5
59. Kd5 Nf4+ 60. Kd6 Ke4 61. c4 Kd4 62. c5 Nd5 63. c6 Nb6 64. c7 Nc8+ 65. Kd7
Na7 1/2-1/2

[Event "Championnat de France - Accession"]
[Site "Aix-les-Bains"]
[Date "2007.??.??"]
[Round "4.8"]
[White "Collas, Didier"]
[Black "Alanic, Xavier"]
[Result "1-0"]
[WhiteElo "2458"]
[BlackElo "2251"]
[PlyCount "73"]
[EventDate "2007.??.??"]

1. e4 c6 2. d4 d5 3. exd5 cxd5 4. c4 Nf6 5. Nc3 e6 6. Nf3 Be7 7. a3 dxc4 8.
Bxc4 a6 9. O-O b5 10. Ba2 Bb7 11. Re1 O-O 12. Qe2 Qd6 13. Bg5 Nbd7 14. d5 e5
15. Nxe5 Nxe5 16. Qxe5 Qxe5 17. Rxe5 Bd6 18. Rf5 Bc8 19. Rf3 Bg4 20. Re3 Bc5
21. Ree1 Nd7 22. d6 b4 23. axb4 Bxb4 24. Re4 Bxc3 25. bxc3 Bf5 26. Re7 Rac8 27.
h3 Nc5 28. g4 Bg6 29. Rc7 Rxc7 30. dxc7 Rc8 31. Rd1 Bd3 32. Be3 Rxc7 33. Bxc5
Rxc5 34. Rxd3 h5 35. Rd8+ Kh7 36. Bxf7 hxg4 37. hxg4 1-0

[Event "Championnat de France - Accession"]
[Site "Aix-les-Bains"]
[Date "2007.??.??"]
[Round "4.9"]
[White "Benitah, Yohan"]
[Black "Derieux, Christian"]
[Result "1-0"]
[WhiteElo "2421"]
[BlackElo "2228"]
[PlyCount "97"]
[EventDate "2007.??.??"]

1. d4 Nf6 2. c4 c5 3. d5 e6 4. Nc3 exd5 5. cxd5 d6 6. e4 g6 7. f3 Bg7 8. Bg5 h6
9. Be3 O-O 10. Nge2 a6 11. a4 Nbd7 12. Ng3 h5 13. Be2 Nh7 14. O-O h4 15. Nh1 f5
16. Qd2 Qf6 17. f4 b6 18. Nf2 Bb7 19. Rae1 Rae8 20. Bc4 Qf7 21. Qd3 Kh8 22.
Bxa6 Bxa6 23. Qxa6 Bxc3 24. bxc3 fxe4 25. c4 g5 26. fxg5 Qg6 27. Nh3 Ne5 28.
Qb5 Nd3 29. Rd1 Qh5 30. Qb3 Qg4 31. Qc2 Kg8 32. Kh1 Rf5 33. Rxf5 Qxf5 34. Qe2
Rf8 35. Rb1 Rf7 36. Kg1 Nf8 37. Rxb6 Nd7 38. Rb1 N7e5 39. a5 Nxc4 40. a6 Qxd5
41. Qh5 Nb4 42. Qg6+ Kf8 43. Qh6+ Kg8 44. Qg6+ Kf8 45. Nf4 Qa8 46. Qh6+ Kg8 47.
g6 Re7 48. Nh5 Nd5 49. g7 1-0

[Event "Championnat de France - Accession"]
[Site "Aix-les-Bains"]
[Date "2007.??.??"]
[Round "4.10"]
[White "Van Elst, Andreas"]
[Black "Rainfray, Arnaud"]
[Result "1/2-1/2"]
[WhiteElo "2294"]
[BlackElo "2393"]
[PlyCount "104"]
[EventDate "2007.??.??"]

1. d4 d5 2. c4 e6 3. Nc3 c5 4. e3 Nf6 5. cxd5 exd5 6. Nf3 a6 7. Be2 c4 8. O-O
b5 9. e4 dxe4 10. Ng5 Bb7 11. f3 h6 12. Ngxe4 Nc6 13. Be3 Nb4 14. a4 Nfd5 15.
Bf2 Bc6 16. b3 Nxc3 17. Nxc3 Nd5 18. Nxd5 Bxd5 19. axb5 cxb3 20. bxa6 Qb6 21.
Bd3 Bb4 22. Be4 Qe6 23. Bxd5 Qxd5 24. Rb1 Rxa6 25. Qxb3 Qxb3 26. Rxb3 Bd6 27.
Re1+ Kf8 28. d5 h5 29. Rc3 Ra8 30. Rc6 Rh6 31. Rxd6 Rxd6 32. Bc5 Rad8 33. Kf2
g6 34. Bxd6+ Rxd6 35. Rd1 Ke7 36. Ke3 Ra6 37. h4 Kd6 38. g4 Ra3+ 39. Kf4 Ra4+
40. Kg5 hxg4 41. fxg4 f6+ 42. Kxg6 Rxg4+ 43. Kh5 Rg8 44. Rd2 f5 45. Kh6 f4 46.
Rd4 Ke5 47. Rd1 f3 48. d6 Ke4 49. Kh7 Rd8 50. h5 f2 51. Rf1 Kf3 52. h6 Rxd6
1/2-1/2

[Event "Championnat de France - Accession"]
[Site "Aix-les-Bains"]
[Date "2007.??.??"]
[Round "4.13"]
[White "Riff, Vincent"]
[Black "Moussard, Jules"]
[Result "1/2-1/2"]
[WhiteElo "2308"]
[BlackElo "2239"]
[PlyCount "70"]
[EventDate "2007.??.??"]

1. e4 c5 2. Nc3 a6 3. Nf3 d6 4. g3 b5 5. Bg2 Bb7 6. d3 Nf6 7. O-O e6 8. Ng5 Be7
9. f4 h6 10. Nf3 Nbd7 11. h3 Qc7 12. Qe2 O-O-O 13. e5 Nh5 14. Kh2 g5 15. Ne1
Nxg3 16. Kxg3 gxf4+ 17. Kh2 dxe5 18. Bxb7+ Kxb7 19. Nf3 Rhg8 20. Bd2 Qc6 21.
Qe4 f5 22. Qxc6+ Kxc6 23. a3 Bd6 24. b4 Rg7 25. a4 cxb4 26. axb5+ axb5 27. Na2
Rc8 28. Rac1 Rg2+ 29. Kh1 Rg3 30. Kh2 Kd5 31. Bxb4 Rg2+ 32. Kh1 Rcxc2 33. Nc3+
Kc6 34. Bxd6 Kxd6 35. Nxb5+ Kd5 1/2-1/2

[Event "Championnat de France - Accession"]
[Site "Aix-les-Bains"]
[Date "2007.??.??"]
[Round "4.14"]
[White "Frederic, Clement"]
[Black "Fayard, Alain"]
[Result "0-1"]
[WhiteElo "2222"]
[BlackElo "2305"]
[PlyCount "36"]
[EventDate "2007.??.??"]

1. e4 c5 2. Nf3 d6 3. d4 cxd4 4. Nxd4 Nf6 5. Nc3 Nc6 6. Bc4 e5 7. Nf5 Be6 8.
Bb3 Qd7 9. O-O Bxf5 10. exf5 Qxf5 11. f4 e4 12. Re1 d5 13. Nxd5 O-O-O 14. c4
Ng4 15. Qe2 Bc5+ 16. Ne3 Rd3 17. Bc2 Bxe3+ 18. Bxe3 Rxe3 0-1

[Event "Championnat de France - Accession"]
[Site "Aix-les-Bains"]
[Date "2007.??.??"]
[Round "4.15"]
[White "Saucey, Michel"]
[Black "Demuth, Adrien"]
[Result "1/2-1/2"]
[WhiteElo "2347"]
[BlackElo "2193"]
[PlyCount "62"]
[EventDate "2007.??.??"]

1. d4 Nf6 2. c4 g6 3. Nf3 Bg7 4. Nc3 d6 5. g3 O-O 6. Bg2 Nc6 7. O-O a6 8. Re1
Rb8 9. Rb1 b5 10. cxb5 axb5 11. b4 Nd7 12. a4 Na7 13. e4 bxa4 14. Qxa4 Nb6 15.
Qb3 Bg4 16. d5 c5 17. bxc5 Nd7 18. Qa3 Nxc5 19. Be3 Qc7 20. Nd4 Bd7 21. Bf1
Rxb1 22. Rxb1 Rb8 23. Ra1 Nc8 24. Rc1 Bxd4 25. Bxd4 Nb3 26. Rd1 Nxd4 27. Rxd4
Qa7 28. Qxa7 Nxa7 29. Rd1 Rc8 30. Rc1 Nb5 31. Bxb5 Bxb5 1/2-1/2

[Event "Championnat de France - Accession"]
[Site "Aix-les-Bains"]
[Date "2007.??.??"]
[Round "4.27"]
[White "Bissieres, Matthieu"]
[Black "Lalau, Alexandre"]
[Result "1-0"]
[WhiteElo "2221"]
[BlackElo "2113"]
[PlyCount "29"]
[EventDate "2007.??.??"]

1. e4 c5 2. Nf3 e6 3. c3 Nf6 4. e5 Nd5 5. Bc4 Nb6 6. Bb3 d6 7. O-O Nc6 8. d4
cxd4 9. cxd4 Qc7 10. Nc3 a6 11. Bf4 dxe5 12. dxe5 Nd7 13. Ne4 Ndxe5 14. Nxe5
Nxe5 15. Qh5 1-0

[Event "Championnat de France - Accession"]
[Site "Aix-les-Bains"]
[Date "2007.??.??"]
[Round "4.29"]
[White "Garro, Pierre"]
[Black "Heinis, Vincent"]
[Result "1/2-1/2"]
[WhiteElo "2139"]
[BlackElo "2199"]
[PlyCount "41"]
[EventDate "2007.??.??"]

1. e4 e6 2. d4 d5 3. Nd2 a6 4. a4 Nf6 5. e5 Nfd7 6. Bd3 c5 7. c3 Nc6 8. Ne2
cxd4 9. cxd4 f6 10. Nf4 Nxd4 11. Qh5+ Ke7 12. Ng6+ hxg6 13. exf6+ Nxf6 14. Qxh8
Kf7 15. Qh4 e5 16. Nf3 Nxf3+ 17. gxf3 Bf5 18. Bxf5 gxf5 19. Bg5 Rc8 20. O-O Rc4
21. Qh3 1/2-1/2

[Event "Championnat de France - Accession"]
[Site "Aix-les-Bains"]
[Date "2007.??.??"]
[Round "4.33"]
[White "Veron, Cyprien"]
[Black "Remille, Tristan"]
[Result "1-0"]
[WhiteElo "2121"]
[BlackElo "2182"]
[PlyCount "37"]
[EventDate "2007.??.??"]

1. Nf3 g6 2. c4 Bg7 3. d4 d6 4. g3 Nf6 5. Bg2 O-O 6. O-O c6 7. Nc3 Qa5 8. e4
Qh5 9. Re1 Bg4 10. e5 Nfd7 11. exd6 exd6 12. Bf4 c5 13. Bxd6 cxd4 14. Bxf8 Nxf8
15. Nd5 Nc6 16. h3 Be6 17. g4 Qh6 18. g5 Qh5 19. Nf4 1-0

[Event "Championnat de France - Accession"]
[Site "Aix-les-Bains"]
[Date "2007.??.??"]
[Round "5.1"]
[White "Robin, Samy"]
[Black "Shirazi, Kamran"]
[Result "1-0"]
[WhiteElo "2321"]
[BlackElo "2401"]
[PlyCount "110"]
[EventDate "2007.??.??"]

1. e4 e5 2. Nf3 Nc6 3. Nc3 Nf6 4. d4 exd4 5. Nxd4 Bb4 6. Nxc6 bxc6 7. Bd3 d5 8.
exd5 cxd5 9. O-O O-O 10. Bg5 c6 11. Qf3 Be7 12. Rfe1 Re8 13. h3 h6 14. Bh4 Rb8
15. b3 Rb4 16. Bg3 Be6 17. a3 Rb7 18. Ne2 Bc5 19. Be5 Ne4 20. Bxe4 dxe4 21. Qc3
Bf8 22. Qxc6 Bd5 23. Qc3 e3 24. Bg3 exf2+ 25. Bxf2 Rc7 26. Qd2 Qa8 27. Nf4 Be4
28. c4 f5 29. Nd5 Rc6 30. Nc3 Rd8 31. Nd5 Rg6 32. Rxe4 fxe4 33. Qd4 Re8 34. Nc7
Qc6 35. Nxe8 e3 36. Qd5+ Re6 37. Nc7 exf2+ 38. Kxf2 Qxd5 39. Nxd5 Bc5+ 40. Kf3
Bd4 41. Rb1 h5 42. b4 Kf7 43. Rd1 Bb2 44. a4 Rc6 45. Rd2 Be5 46. Ke4 Bh2 47.
Kd3 h4 48. Re2 Kf8 49. b5 Rc8 50. Re7 Bg1 51. Re4 g5 52. Re5 g4 53. hxg4 Kf7
54. Rf5+ Kg7 55. Rg5+ Kf7 1-0

[Event "Championnat de France - Accession"]
[Site "Aix-les-Bains"]
[Date "????.??.??"]
[Round "5.2"]
[White "Jolly, Jean-Francois"]
[Black "Vitoux, Colomban"]
[Result "1/2-1/2"]
[WhiteElo "2315"]
[BlackElo "2343"]
[PlyCount "162"]

1. e4 c5 2. Nf3 Nf6 3. e5 Nd5 4. d4 cxd4 5. Qxd4 Nb6 6. Bd3 Nc6 7. Qe4 g6 8.
O-O Bg7 9. Re1 d6 10. Bb5 O-O 11. exd6 exd6 12. Bg5 Qc7 13. c3 Ne5 14. Nd4 a6
15. Bf1 h6 16. Bf4 Re8 17. Na3 Bd7 18. Qc2 Nd5 19. Bg3 b5 20. Qd2 Nf6 21. f3
Nh5 22. Bf2 Rad8 23. Rac1 d5 24. b3 Bc8 25. Nac2 Bb7 26. Nb4 Kh7 27. Nd3 Nxd3
28. Bxd3 Bf6 29. Rxe8 Rxe8 30. Re1 Rc8 31. Ne2 Bxc3 32. Nxc3 Qxc3 33. Qd1 Nf4
34. Bb1 Qb2 35. Kf1 b4 36. Qd4 Qxd4 37. Bxd4 Ne6 38. Bb2 Bc6 39. Kf2 Bb5 40.
Rd1 d4 41. Bxd4 Nxd4 42. Rxd4 Rc1 43. Be4 f5 44. Bb7 Rc7 45. Ba8 Rc2+ 46. Kg3
g5 47. f4 Rxa2 48. Rxb4 Rd2 49. fxg5 hxg5 50. h4 Rd3+ 51. Kf2 Rd2+ 52. Kg3 Rd3+
53. Kf2 Kg6 54. hxg5 Kxg5 55. g3 Rd2+ 56. Ke3 Rd3+ 57. Kf2 Rd2+ 58. Ke3 Re2+
59. Kf3 Re8 60. Bd5 Rd8 61. Bc4 Rd4 62. Ke3 Rg4 63. Kf2 Kf6 64. Kg2 Ke5 65. Kf3
Rd4 66. Ke3 Rg4 67. Kf3 Re4 68. Rxb5+ axb5 69. Bxb5 Re1 70. Bd3 Rc1 71. Ke3 Rc3
72. b4 Rb3 73. b5 Rb4 74. Kf3 Kf6 75. Ke3 Kg5 76. Be2 Rb3+ 77. Bd3 Rb2 78. Kd4
Rg2 79. b6 Kf6 80. Kc5 Rxg3 81. b7 Rg8 1/2-1/2

[Event "Championnat de France - Accession"]
[Site "Aix-les-Bains"]
[Date "2007.??.??"]
[Round "5.3"]
[White "Bedouin, Xavier"]
[Black "Terrieux, Kevin"]
[Result "1/2-1/2"]
[WhiteElo "2357"]
[BlackElo "2331"]
[PlyCount "56"]
[EventDate "2007.??.??"]

1. e4 c5 2. Nf3 d6 3. c3 Nf6 4. Be2 Bg4 5. h3 Bh5 6. O-O e6 7. d4 Nxe4 8. d5
Nd7 9. Re1 Be7 10. dxe6 fxe6 11. Qb3 d5 12. Qxb7 O-O 13. Qc6 Bd6 14. Nbd2 Rc8
15. Qa6 Nb8 16. Qa4 Nxd2 17. Bxd2 Qe8 18. Qxe8 Rfxe8 19. Ng5 Bxe2 20. Rxe2 e5
21. c4 h6 22. Nf3 d4 23. Rae1 Nc6 24. Re4 Rf8 25. Rb1 Rb8 26. Ne1 Rb6 27. Nd3
Ra6 28. Ra1 Rb8 1/2-1/2

[Event "Championnat de France - Accession"]
[Site "Aix-les-Bains"]
[Date "2007.??.??"]
[Round "5.4"]
[White "Olivier, Jean-Christophe"]
[Black "Collas, Didier"]
[Result "1/2-1/2"]
[WhiteElo "2403"]
[BlackElo "2458"]
[PlyCount "102"]
[EventDate "2007.??.??"]

1. e4 c5 2. Nf3 e6 3. d4 cxd4 4. Nxd4 a6 5. Bd3 Nf6 6. O-O d6 7. c4 Nbd7 8. Nc3
b6 9. f4 Bb7 10. f5 e5 11. Nc2 b5 12. cxb5 axb5 13. Nb4 d5 14. Ncxd5 Bxb4 15.
Nxb4 Bxe4 16. Bxe4 Nxe4 17. Be3 O-O 18. Qd5 Nef6 19. Qxb5 Rb8 20. Qc4 Nb6 21.
Qe2 Qd7 22. Rad1 Qa4 23. Bc5 Rfc8 24. Bd6 Rb7 25. b3 Qa7 26. Kh1 Nbd7 27. Rc1
Re8 28. Nc6 Qa8 29. b4 e4 30. h3 Rb6 31. b5 h6 32. Bc7 Rb7 33. Bd6 Kh7 34. Rfd1
e3 35. Rd4 Nb6 36. Rcd1 Rd7 37. Bb4 Rxd4 38. Rxd4 Nbd5 39. Be1 Qa3 40. Kh2 Ra8
41. Nb4 Nxb4 42. Rxb4 Qxa2 43. Qxa2 Rxa2 44. b6 Ra1 45. Bg3 e2 46. b7 Nd7 47.
Rd4 Nb8 48. Re4 Rb1 49. Bxb8 Rxb7 50. Bf4 Rb4 51. Rxe2 Rxf4 1/2-1/2

[Event "Championnat de France - Accession"]
[Site "Aix-les-Bains"]
[Date "2007.??.??"]
[Round "5.5"]
[White "Fayard, Alain"]
[Black "Benitah, Yohan"]
[Result "1/2-1/2"]
[WhiteElo "2305"]
[BlackElo "2421"]
[PlyCount "112"]
[EventDate "2007.??.??"]

1. d4 d5 2. Nf3 Nf6 3. c4 c6 4. e3 g6 5. Bd3 Bg7 6. O-O O-O 7. b3 a6 8. Bb2
Nbd7 9. Nbd2 Re8 10. h3 Nf8 11. Qc2 Be6 12. e4 dxe4 13. Nxe4 Nh5 14. Rfe1 Nf4
15. Bf1 Bf5 16. Qd2 Qc7 17. Ng3 Bh6 18. Qc3 Bg7 19. Nxf5 gxf5 20. Nh4 e6 21.
Qg3 N8g6 22. Bc1 Ne2+ 23. Bxe2 Qxg3 24. fxg3 Bxd4+ 25. Be3 Bxe3+ 26. Kf1 Nxh4
27. gxh4 Rad8 28. Red1 Kg7 29. Rxd8 Rxd8 30. Rd1 Bd4 31. Bd3 f4 32. Ke2 f5 33.
Kf3 Be5 34. Be2 Rxd1 35. Bxd1 Bc7 36. Kf2 e5 37. Bh5 Bd8 38. Be8 Bxh4+ 39. Kf3
a5 40. Bd7 Kg6 41. c5 Bd8 42. Bc8 b6 43. cxb6 Bxb6 44. Bd7 c5 45. a4 Bc7 46.
Bc8 h6 47. Bd7 e4+ 48. Ke2 Be5 49. Bc8 Bd4 50. Bd7 Kf6 51. Bc8 Ke5 52. Bd7 Bg1
53. Bc8 Bh2 54. Bd7 Bg3 55. Bc8 h5 56. Bd7 h4 1/2-1/2

[Event "Championnat de France - Accession"]
[Site "Aix-les-Bains"]
[Date "2007.??.??"]
[Round "5.6"]
[White "Rainfray, Arnaud"]
[Black "Rouler, Charly"]
[Result "1-0"]
[WhiteElo "2393"]
[BlackElo "2284"]
[PlyCount "57"]
[EventDate "2007.??.??"]

1. e4 c5 2. Nf3 e6 3. c3 Nf6 4. e5 Nd5 5. d4 cxd4 6. cxd4 b6 7. Bd3 Be7 8. O-O
Ba6 9. Nc3 Nxc3 10. bxc3 Bxd3 11. Qxd3 O-O 12. d5 exd5 13. Qxd5 Na6 14. Rd1 Qc8
15. Be3 Qxc3 16. Qxd7 Bc5 17. Bf4 Qc2 18. Bg3 Nb8 19. Qb7 Nc6 20. e6 Rae8 21.
Rac1 Qa4 22. Ng5 fxe6 23. Rd7 Re7 24. Nxe6 Na5 25. Rxe7 Nxb7 26. Rxg7+ Kh8 27.
Be5 Rxf2 28. Rxb7+ Rf6+ 29. Kh1 1-0

[Event "Championnat de France - Accession"]
[Site "Aix-les-Bains"]
[Date "2007.??.??"]
[Round "5.7"]
[White "Riff, Jean-Noel"]
[Black "Gregoire, Sylvain"]
[Result "0-1"]
[WhiteElo "2460"]
[BlackElo "2261"]
[PlyCount "60"]
[EventDate "2007.??.??"]

1. e4 c5 2. Nf3 Nc6 3. Nc3 e5 4. Bc4 Be7 5. Nd5 d6 6. d3 Nf6 7. Nxe7 Qxe7 8. c3
O-O 9. Bg5 Be6 10. Bb5 Bd7 11. O-O a6 12. Ba4 b5 13. Bc2 h6 14. Bh4 Bg4 15. h3
Bh5 16. g4 Bg6 17. Ne1 Bh7 18. Qf3 g5 19. Bg3 Ne8 20. Ng2 Qf6 21. Qe2 Nc7 22.
Ne3 Rad8 23. a4 d5 24. axb5 axb5 25. exd5 Nxd5 26. Nxd5 Rxd5 27. Rfe1 Rfd8 28.
Ra6 Kg7 29. Qe3 Bxd3 30. Bxd3 Rxd3 0-1

[Event "Championnat de France - Accession"]
[Site "Aix-les-Bains"]
[Date "2007.??.??"]
[Round "5.8"]
[White "Cossin, Sebastien"]
[Black "Tournier, Mathieu"]
[Result "1-0"]
[WhiteElo "2433"]
[BlackElo "2250"]
[PlyCount "63"]
[EventDate "2007.??.??"]

1. d4 d5 2. c4 c6 3. Nf3 Nf6 4. Nc3 e6 5. e3 Nbd7 6. Qc2 Bd6 7. Bd2 a6 8. g4
Bb4 9. cxd5 exd5 10. Bd3 h6 11. Rg1 Nf8 12. Ne5 N6d7 13. Nxd7 Bxd7 14. Qb3 Qb6
15. O-O-O O-O-O 16. Kb1 Ba5 17. Qc2 Kb8 18. f4 Re8 19. f5 Nh7 20. Na4 Qc7 21.
b4 Bb6 22. Nc5 Ng5 23. Rg2 h5 24. gxh5 Bxc5 25. bxc5 Rxh5 26. Be1 Qd8 27. Ka1
Ne4 28. Qa4 Bc8 29. Rb2 Rxf5 30. Bxa6 Qe7 31. Bd3 Kc7 32. Rdb1 1-0

[Event "Championnat de France - Accession"]
[Site "Aix-les-Bains"]
[Date "2007.??.??"]
[Round "5.9"]
[White "Vernay, Clovis"]
[Black "Mancini, Mario"]
[Result "1/2-1/2"]
[WhiteElo "2381"]
[BlackElo "2230"]
[PlyCount "83"]
[EventDate "2007.??.??"]

1. d4 Nf6 2. c4 Nc6 3. Nf3 e6 4. g3 Bb4+ 5. Bd2 Qe7 6. Nc3 Bxc3 7. Bxc3 Ne4 8.
Rc1 O-O 9. Bg2 Nxc3 10. Rxc3 d6 11. d5 Nd8 12. Nd2 e5 13. c5 f5 14. Qc2 Nf7 15.
cxd6 cxd6 16. Rc7 Qf6 17. O-O e4 18. Rc1 h6 19. Qc3 Qxc3 20. R1xc3 b6 21. f3
exf3 22. exf3 Ba6 23. f4 Rfc8 24. Nb3 Rxc7 25. Rxc7 Rc8 26. Rxa7 Bd3 27. Bf3
Be4 28. Bxe4 fxe4 29. Kf2 Rc2+ 30. Ke3 Rxh2 31. Kxe4 g6 32. Nd4 Rxb2 33. Ne6 h5
34. Ra3 b5 35. Ra5 b4 36. f5 gxf5+ 37. Kxf5 Ne5 38. Nf4 Rf2 39. Rb5 h4 40. Rxb4
hxg3 41. Rb3 Rxa2 42. Rxg3+ 1/2-1/2

[Event "Championnat de France - Accession"]
[Site "Aix-les-Bains"]
[Date "2007.??.??"]
[Round "5.10"]
[White "Giua, Frederic"]
[Black "Chomet, Pascal"]
[Result "0-1"]
[WhiteElo "2204"]
[BlackElo "2353"]
[PlyCount "82"]
[EventDate "2007.??.??"]

1. Nf3 d6 2. d4 g6 3. c4 Bg7 4. Nc3 Nd7 5. e4 e5 6. Be2 Ngf6 7. d5 Nc5 8. Nd2
a5 9. b3 h5 10. f3 h4 11. Nf1 Nh5 12. Ne3 Bh6 13. Rb1 Bd7 14. Qc2 Bf4 15. Nb5
Kf8 16. Kf2 Ng3 17. Bd2 Kg7 18. Rbg1 Nxh1+ 19. Rxh1 c6 20. Nc3 Qg5 21. Rg1 Qd8
22. g3 hxg3+ 23. hxg3 Rh2+ 24. Ke1 Bxg3+ 25. Rxg3 Qh4 26. Nf1 f6 27. Kd1 Rh1
28. Be1 Qf4 29. Qd2 Bh3 30. Qxf4 exf4 31. Rxh3 Rxh3 32. Bf2 Nd7 33. Nd2 Rh2 34.
Ke1 Ne5 35. Bf1 Rh1 36. Ke2 c5 37. Nb5 a4 38. Nc7 axb3 39. Nxa8 bxa2 40. Nb3
Nxc4 41. Nc7 Rxf1 0-1

[Event "Championnat de France - Accession"]
[Site "Aix-les-Bains"]
[Date "????.??.??"]
[Round "5.11"]
[White "Fargere, Francois"]
[Black "Guilleux, Fabien"]
[Result "1/2-1/2"]
[WhiteElo "2339"]
[BlackElo "2203"]
[PlyCount "95"]

1. e4 c5 2. Nf3 d6 3. d4 cxd4 4. Nxd4 Nf6 5. Nc3 a6 6. Be2 e6 7. O-O Be7 8. f4
O-O 9. Be3 Nc6 10. a4 Qc7 11. Kh1 Re8 12. Qd2 Bd7 13. Nf3 Rad8 14. Bd3 Bc8 15.
Qe2 e5 16. f5 d5 17. Nxd5 Nxd5 18. exd5 Nb4 19. Be4 Nxd5 20. Bg1 b6 21. Rad1
Nf6 22. Rxd8 Bxd8 23. Nd2 Nxe4 24. Nxe4 Bb7 25. Rd1 Be7 26. c4 Bb4 27. b3 Rd8
28. Ng3 Rxd1 29. Qxd1 b5 30. axb5 axb5 31. cxb5 Qd6 32. Qg4 Kh8 33. Nh5 g6 34.
fxg6 hxg6 35. Nf6 Qxf6 36. Qxb4 Qf1 37. Qh4+ Kg7 38. Qf2 Qxb5 39. Qc5 Qe2 40.
Qf2 Qe4 41. Qd2 Bd5 42. b4 f5 43. Qg5 Kf7 44. h4 f4 45. Bc5 f3 46. Qe7+ Kg8 47.
Qf8+ Kh7 48. Qe7+ 1/2-1/2

[Event "Championnat de France - Accession"]
[Site "Aix-les-Bains"]
[Date "2007.??.??"]
[Round "5.12"]
[White "Therkildsen, Thomas"]
[Black "Dubessay, Bastien"]
[Result "1-0"]
[WhiteElo "2310"]
[BlackElo "2117"]
[PlyCount "123"]
[EventDate "2007.??.??"]

1. e4 c5 2. c3 d5 3. exd5 Qxd5 4. d4 Nf6 5. Nf3 e6 6. Na3 Be7 7. Nb5 Na6 8. Be3
O-O 9. dxc5 Bxc5 10. Nc7 Nxc7 11. Qxd5 exd5 12. Bxc5 Re8+ 13. Kd1 Ne6 14. Be3
Ng4 15. Kd2 Nxe3 16. Kxe3 Ng5+ 17. Kd4 Ne4 18. Bb5 Rd8 19. Rhe1 Nd6 20. Be2
Nf5+ 21. Kd3 b6 22. Kc2 h5 23. Rad1 Bb7 24. Nd4 Nxd4+ 25. Rxd4 Rd6 26. Bf3 b5
27. a4 a6 28. axb5 axb5 29. Red1 Rad8 30. Kb3 Rf6 31. Kb4 Bc6 32. R1d2 Kf8 33.
Re2 Rf5 34. Red2 Rf6 35. b3 g6 36. Ka3 Ke7 37. Kb2 Rd7 38. Kc1 Rdd6 39. Kd1 Rd7
40. Ke2 Re6+ 41. Kf1 Red6 42. Ra2 Ke6 43. Ra6 Bb7 44. Ra5 Bc6 45. Be2 Rc7 46.
Ke1 Bd7 47. Kd2 Rb6 48. Bf3 Rd6 49. Ra1 Bc6 50. Ra6 Bb7 51. Ra7 Rcd7 52. Ra5
Bc6 53. g3 Ke7 54. Be2 Rb7 55. Rb4 Ke6 56. Ke3 Rc7 57. Kd4 Bd7 58. Bxb5 Bxb5
59. Raxb5 Ra7 60. Ra4 Rc7 61. Rc5 Rb7 62. b4 1-0

[Event "Championnat de France - Accession"]
[Site "Aix-les-Bains"]
[Date "2007.??.??"]
[Round "5.13"]
[White "Demuth, Adrien"]
[Black "Riff, Vincent"]
[Result "1/2-1/2"]
[WhiteElo "2193"]
[BlackElo "2308"]
[PlyCount "42"]
[EventDate "2007.??.??"]

1. d4 Nf6 2. c4 e6 3. Nf3 Bb4+ 4. Bd2 Qe7 5. g3 Bxd2+ 6. Qxd2 O-O 7. Bg2 d6 8.
Nc3 e5 9. e4 Bg4 10. O-O Bxf3 11. Bxf3 Nc6 12. d5 Nd4 13. Bg2 c5 14. Ne2 a6 15.
Nxd4 cxd4 16. Rac1 a5 17. f4 Nd7 18. fxe5 dxe5 19. Rf2 Nc5 20. b3 h6 21. h4 Ra6
1/2-1/2